000 00837nam a2200241 i 4500
001 184587
003 ES-MaACL
005 20231122111833.0
008 151023s2011 nq |||| | spa d
020 _a978-99924-34-66-6
080 _a821.134.2(728.5)-31
100 1 _aCortés Domínguez, Guillermo.
_9158009
245 1 3 _aEl oráculo de la emperatriz /
_cGuillermo Cortés Domínguez.
260 _aManagua :
_bEditarte,
_c[2011]
300 _a3-390 p. ;
_c23 cm.
490 1 _aLa conspiración de los escritores
830 0 _aLa conspiración de los escritores
_9225100
852 _aES-MaACL
_jA-13602
_9191591
_bR.150798
_cDEPO1
_dOlim: N-6602
_hDonacion: Real Academia Española
914 _96336
_aReal Academia Española
_ednr
942 _2udc
_cMONOGRAFIA
999 _c184587
_d184587